Una teoría del Urbanismo : (Registro nro. 6150)
[ vista simple ]
| 000 -LEADER | |
|---|---|
| fixed length control field | 01660nam a2200337Ia 4500 |
| 003 - CONTROL NUMBER IDENTIFIER | |
| control field | OSt |
| 005 - DATE AND TIME OF LATEST TRANSACTION | |
| control field | 20210210153729.0 |
| 008 - FIXED-LENGTH DATA ELEMENTS--GENERAL INFORMATION | |
| fixed length control field | 191128s2011 ck ab gr 000 0dspa d |
| 020 ## - INTERNATIONAL STANDARD BOOK NUMBER | |
| International Standard Book Number | 9789587381634 |
| 040 ## - CATALOGING SOURCE | |
| Original cataloging agency | CO-JMCR |
| Transcribing agency | CO-JMCR |
| 041 1# - LANGUAGE CODE | |
| Language code of text/sound track or separate title | spa |
| Language code of original | ger |
| 082 04 - DEWEY DECIMAL CLASSIFICATION NUMBER | |
| Classification number | 711 / |
| Item number | F731u |
| Edition number | 23 |
| 100 1# - MAIN ENTRY--PERSONAL NAME | |
| Personal name | Frick, Dieter, |
| Relator term | autor |
| 9 (RLIN) | 13247 |
| 245 10 - TITLE STATEMENT | |
| Title | Una teoría del Urbanismo : |
| Remainder of title | acerca de la organización constructivo-espacial de ciudad / |
| Statement of responsibility, etc. | Dieter Frick ; Traducción de Claudia Ríos |
| 250 ## - EDITION STATEMENT | |
| Edition statement | Primera edición |
| 260 ## - PUBLICATION, DISTRIBUTION, ETC. | |
| Place of publication, distribution, etc. | Bogotá : |
| Name of publisher, distributor, etc. | Editorial Universidad del Rosario, |
| Date of publication, distribution, etc. | 2011 |
| 300 ## - PHYSICAL DESCRIPTION | |
| Extent | 268 páginas : |
| Other physical details | mapas a color y a blanco y negro ; |
| Dimensions | 24 cm. |
| 490 0# - SERIES STATEMENT | |
| Series statement | Colección textos de ekística |
| 500 ## - GENERAL NOTE | |
| General note | Incluye glosario y datos biográficos del autor en solapa. |
| 504 ## - BIBLIOGRAPHY, ETC. NOTE | |
| Bibliography, etc. note | Bibliografía: páginas 267-268 |
| 505 0# - FORMATTED CONTENTS NOTE | |
| Formatted contents note | La ciudad existente hacia la descripción y la explicaión de su organización constructivo-espacial -- La ciudad que se planea objetivos y campos de acción para su organización constructivo-espacial -- Construir en la ciudad gestión del desarrollo de su org |
| 520 3# - SUMMARY, ETC. | |
| Summary, etc. | Una teoría del urbanismo constituye una importante referencia. Vigente por su elaboración a partir de la redefinición de modelos explicativos del urbanismo que descatan el impacto físico |
| 534 ## - ORIGINAL VERSION NOTE | |
| Introductory phrase | Theorie des Städtebaus. Zur Baulich-räumlichen |
| 546 ## - LANGUAGE NOTE | |
| Language note | Traducido del Alemán |
| 650 14 - SUBJECT ADDED ENTRY--TOPICAL TERM | |
| Topical term or geographic name entry element | Ciudades y pueblos |
| 9 (RLIN) | 13248 |
| 650 24 - SUBJECT ADDED ENTRY--TOPICAL TERM | |
| Topical term or geographic name entry element | Espacios urbanos |
| 9 (RLIN) | 13249 |
| 650 24 - SUBJECT ADDED ENTRY--TOPICAL TERM | |
| Topical term or geographic name entry element | Rehabilitación urbana |
| 9 (RLIN) | 13250 |
| 650 24 - SUBJECT ADDED ENTRY--TOPICAL TERM | |
| Topical term or geographic name entry element | Urbanismo |
| General subdivision | teorías |
| 9 (RLIN) | 13251 |
| 700 1# - ADDED ENTRY--PERSONAL NAME | |
| Personal name | Ríos, Claudia, |
| Relator term | traductora |
| 9 (RLIN) | 13252 |
| 942 ## - ADDED ENTRY ELEMENTS (KOHA) | |
| Source of classification or shelving scheme | Dewey Decimal Classification |
| Koha item type | Books |
| Withdrawn status | Lost status | Source of classification or shelving scheme | Damaged status | Not for loan | Collection code | Home library | Current library | Date acquired | Source of acquisition | Full call number | Barcode | Date last seen | Copy number | Koha item type |
|---|---|---|---|---|---|---|---|---|---|---|---|---|---|---|
| Dewey Decimal Classification | Non-fiction | Biblioteca Pública José María del Castillo y Rada | Biblioteca Pública José María del Castillo y Rada | 04/15/2018 | Donación | 711 / F731u | 430012193 | 05/16/2024 | Ej.1 | Books |